| 000 | 00870nam a22002771 4500 | ||
|---|---|---|---|
| 999 |
_c8326 _d8326 |
||
| 001 | 4542582 | ||
| 003 | OSt | ||
| 005 | 20201028101546.0 | ||
| 008 | 710408s1968 enkak 000 0 eng | ||
| 010 | _a 68094922 | ||
| 015 | _aB68-07108 | ||
| 020 | _a0273401882 | ||
| 020 | _a027300820X | ||
| 040 |
_aDLC _cDLC _dDLC |
||
| 050 | 0 | 0 |
_aHD31 _b.L4 1968 |
| 082 | 0 | 0 |
_a658 _bLIG/N |
| 100 | 1 |
_aLight, Horace Robert _91653 |
|
| 245 | 1 | 4 |
_aThe nature of management: _ban introduction to business and management studies, _cby H. R. Light; with an introduction by L. F. Urwick. |
| 250 | _a3rd ed. | ||
| 260 |
_aLondon, _bPitman, _c1968. |
||
| 300 |
_axiii, 167 p. _billus., forms. _c23 cm. |
||
| 350 | _a20/- | ||
| 650 | 0 | _aIndustrial management. | |
| 906 |
_a7 _bcbc _corignew _du _eopcn _f19 _gy-gencatlg |
||
| 942 |
_2ddc _cBK _h658 _iLIG/N _k658 _mLIG/N |
||